Bon Jovi - albums - Statistics

General Stats
  • This quiz has been taken 12 times
  • The average score is 12 of 16
Answer Stats
Released Album % Correct
1984 Bon Jovi
100%
1986 Slippery When Wet
100%
1985 7800 Fahrenheit
89%
2000 Crush
89%
2005 Have a Nice Day
89%
1992 Keep the Faith
89%
1988 New Jersey
89%
1995 These Days
89%
2002 Bounce
78%
2007 Lost Highway
78%
2020 2020
67%
2009 The Circle
67%
2016 This House Is Not for Sale
67%
2024 Forever
56%
2015 Burning Bridges
44%
2013 What About Now
33%
No matching quizzes found
Score Distribution
Percent of People with Each Score
Percentile by Number Answered
Your Score History
You have not taken this quiz